| 000 | 00424cam a22001457a 4500 | ||
|---|---|---|---|
| 008 | 180718b1961 xxu||||| |||| 00| 0 eng d | ||
| 082 | _aA6x51 M178 | ||
| 100 | _aMcGregor-Hastie, Roy | ||
| 245 |
_aThe Red barbarians - the life and times of Mao Tse-tung _cby Roy McGregor-Hastie |
||
| 260 |
_aLondon _bT.V. Baadman _c1961 |
||
| 300 | _a224p. | ||
| 500 | _a18/- | ||
| 650 | _aMao Tse - Tung, 1893 | ||
| 650 | _aChina - History | ||
| 999 |
_c372919 _d372919 |
||